000 01287nam a2200349 a 4500
001 ebr10459609
003 CaPaEBR
006 m u
007 cr cn|||||||||
008 110426s2007 enk sb 000 0 eng d
020 _z9781905539437
020 _z9781907830433 (e-book)
040 _aCaPaEBR
_cCaPaEBR
035 _a(OCoLC)726825857
050 1 4 _aBF575.G7
_bW75 2007eb
100 1 _aWright, Bob.
245 1 0 _aLoss and grief
_h[electronic resource] /
_cBob Wright.
250 _aNew updated ed.
260 _aKeswick [England] :
_bM&K Update,
_c2007.
300 _aix, 59 p.
500 _aFirst published 1992.
504 _aIncludes bibliographical references.
505 0 _aSeparation and loss -- Grief -- Dying -- Bereavement and loss.
533 _aElectronic reproduction.
_bPalo Alto, Calif. :
_cebrary,
_d2011.
_nAvailable via World Wide Web.
_nAccess may be limited to ebrary affiliated libraries.
650 0 _aBereavement
_xPsychological aspects.
650 0 _aGrief.
650 0 _aLoss (Psychology)
650 0 _aSeparation (Psychology)
655 7 _aElectronic books.
_2local
710 2 _aebrary, Inc.
856 4 0 _uhttp://site.ebrary.com/lib/rucke/Doc?id=10459609
_zAn electronic book accessible through the World Wide Web; click to view
999 _c229378
_d229378